000 00266nam a2200121Ia 4500
008 190216s9999||||xx |||||||||||||| ||und||
100 _aNull
245 0 _aHindi-Alochanake Sidhamth
260 _bJohn Wiley & Sons
300 _a268
650 _aHindi
942 _cBK
999 _c16052
_d16052